Actors / Actresses by their Characters #4 - Statistics

General Stats
  • This quiz has been taken 120 times
  • The average score is 6 of 10
Answer Stats
Hint Answer % Correct
Natasha Romanoff / Black Widow, Lucy Miller, Olivia Wenscombe, Annie Braddock Scarlett Johansson
94%
John Wick, Ted 'Theodore' Logan, Neo, Kai Keanu Reeves
93%
Ororo Munroe / Storm, Patience Phillips / Catwoman, Sharon Stone, Ginger Ale Halle Berry
70%
Dominic Toretto, Xander Cage, Groot, Lieutenant Shane Wolfe Vin Diesel
67%
Max Rockatansky, Bane, Eddie Brock & Venom, Alfie Solomons Tom Hardy
54%
Bryan Mills, Aslan, John "Hannibal" Smith, Henri Ducard / Ra's al Ghul Liam Neeson
47%
Mr. Lee, Chen Zhen, Billy Lo, Cheng Chao-an Bruce Lee
43%
Satine, Marisa Coulter, Sue Brierley, Virginia Woolf Nicole Kidman
33%
Irene Adler, Christine Palmer, Annie Davis, Allison "Allie" Hamilton Rachel McAdams
26%
Gracie Hart, Annie Porter, Dr. Ryan Stone, Loretta Sage, Sandra Bullock
24%
No matching quizzes found
Score Distribution
Percent of People with Each Score
Percentile by Number Answered
Your Score History
You have not taken this quiz